| 000 | 00480nam a22001337a 4500 | ||
|---|---|---|---|
| 005 | 20241210091150.0 | ||
| 008 | 240920b ||||| |||| 00| 0 eng d | ||
| 100 |
_aBagnol, Felix N. _eauthor. _961254 |
||
| 245 |
_aReflections on my seameo innotech experience / _cFelix N. Bagnol. |
||
| 260 |
_aPhilippines; _bPublishers Association of the Philippines, Inc., _cMarch 2018. |
||
| 300 | _aVolume 66, pages 371-374. | ||
| 700 |
_aBagnol, Felix N. _eauthor. _961254 |
||
| 942 |
_2ddc _cPER |
||
| 999 |
_c21722 _d21722 |
||